Quem é esse jogador da NBA - Statistics

Estatísticas Gerais
  • Esse quiz foi jogado 988 vezes
  • A pontuação média é 9 de 20
Estatísticas das Respostas
Imagem Resposta % Correto
LeBron James
100%
Luka Dončić
88%
Stephen Curry
85%
Kevin Durant
81%
Shaquille O’Neal
80%
Kyrie Irving
74%
Anderson Varejão
68%
Charles Barkley
52%
Raul Neto
51%
Karl Malone
37%
Goran Dragic
32%
Ron Artest
24%
Matthew Dellavedova
20%
Thanasis Antetokoumpo
19%
Bismack Biyombo
18%
Matisse Thybulle
17%
Ben Wallace
15%
Shawn Marion
14%
Paul Arizin
4%
Trey Burke
4%
Nenhum quiz correspondente encontrado
Distribuição das Pontuações
Porcentagem de Pessoas com Cada Pontuação
Percentil de Números Respondidos
Sua Pontuação Histórica
Você não jogou esse quiz